00596nam a2200193Ia 4500008004100000020001500041041000800056082001900064100002200083245005100105260004000156300000800196365001100204650002100215650002400236942001200260999001900272952011100291140306s9999 xx 000 0 und d a8185475431 aeng a338.04bGAN/EN aGangadhara, Rao M aEntreprenurship and tenrepreneuria development aNew DelhibKalyani Publishersc1992 a332 bRs.350 aSmall industries aWomen entrepreneurs 2ddccBK c184128d184128 00102ddc4070aKAUCBVbKAUCBVd2004-04-03g350.00l0o338.04 GAN/ENr2014-03-22 00:00:00w2014-03-22yBK